00499nam a2200193 a 4500001001300000003000900013005001700022008004100039020001000080082001300090100002300103245005100126260003500177300000900212500003500221505001300256650001300269700002300282nice12345678IN_TiNIC20260116012116.0050524s0000 newa grp 000 0 eng  ac10000a266bDUS aDusen, Henry P Van aWorld Christianityb Yesterday Today Tomorrow. aNew YorkbAbingdon Pressc0000 a302p aincludes index and biblioraphy2 aAppendix aMissions1 aDusen, Henry P Van